000 01654nam a2200349 i 4500
001 768714001
003 CO-MdFUSB
005 20210602165742.0
007 ta
008 200603t2011 ck |||| |||| 00| 0 spa d
020 _a9789584203465
040 _aCO-MdFUSB
_bspa
_cCO-MdFUSB
_dCO-MdFUSBC
_erda
041 _aspa
082 _223
_a864
_bAB116
100 _aAbad Faciolince, Héctor Joaquín,
_d1958
_eautor
245 _aPalabras sueltas
_c/ Héctor Abad Faciolince
250 _aTercera edición
264 1 _aBogotá, Colombia :
_bSeix Barral,
_c[2011]
264 4 _c©2011
300 _c250 páginas ;
_a23 cm
336 _2rdacontent
_atexto
_btxt
337 _2rdamedia
_asin mediación
_bn
338 _2rdacarrier
_avolumen
_bnc
490 1 _aLos tres mundos
505 1 _aPréstamo -- Raza -- Reencarnación -- Regla -- Reliquia -- Rencor -- Retórica -- Ron -- Ruido -- Secreto -- Secuestro -- Sentir -- Sicaresca -- Solitario --- Soltería -- Sonrisa -- Suicidio -- Tarot -- Televisión -- Teta -- Timidez -- Transgénicos -- Turismo -- Upac -- Valores -- Veneno -- Viaje -- Whisky -- Zapatero -- Zapatos -- Zeta
520 4 _aEstos breves textos encierran observaciones sobre la condición humana que son al mismo tiempo profundas y divertidas. Los temas son variados, desde lo más trivial hasta lo más serio. A pesar del escepticismo desplegado por Abad, sus ensayos no nos llevan a la desesperanza, sino a un tipo de alegria que es consciente de su dificultad y precariedad.
563 _aRústico
650 7 _2embne
_92518
_aLiteratura colombiana
830 _aLos tres mundos
_vEnsayo
942 _cBK
945 _aDani
999 _c66025
_d66025